Country by 'Q' City Quiz Stats

 Plays Quiz not verified by Sporcle

Score 0/16 Timer 04:00
0 Plays Today
Question Answer Wrong Answers
Canada Québec
92.3%
Quzhou
0.7%
Qalyub
0.6%
Qazvin
0.6%
USA Quincy
90.5%
Qorveh
0.6%
Qatrun
1.2%
Quatit
1.1%
Ecuador Quito
85.8%
Qamdo
3.5%
Qumbu
4.1%
Qawra
2.4%
Germany Quedlinburg
85%
Quillacollo
2.6%
Qinhuangdao
2.5%
Quinapondan
2.6%
France Quiberon
82%
Qamishli
1.7%
Qalqilya
4.4%
Qaqortoq
4.7%
Philippines Quezon City
72%
Queanbeyan
5%
Queenstown
9.2%
Quimavongo
6.5%
Argentina Quilmes
70.4%
Qingdao
8.5%
Quimper
9.2%
Qaanaaq
5.2%
Vietnam Quảng Trị
66.9%
Quanzhou
20.6%
Qostanaı
3.2%
Quneitra
2%
Iran Qom
66.5%
Qaa
16.3%
Qus
10.1%
Qax
6.1%
China Qiqihar
55.5%
Qantara
6.6%
Quy Nhơn
29.7%
Qvareli
1.4%
Guatemala Quetzaltenango
49.9%
Qasigiannguit
3.1%
Quebrada Bonita Adentro
22.4%
Quebradanegra
17.2%
Mozambique Quelimane
40.5%
Querétaro
21.4%
Quảng Ngãi
11.6%
Qaem Shahr
18.8%
Mauritius Quatre Bornes
38.6%
Quintinshill
18.2%
Qurghonteppa
22.8%
Qansax Dheere
12.8%
Pakistan Quetta
37.3%
Queluz
7.7%
Qrendi
4.7%
Qarshi
43.8%
Malta Qormi
35.2%
Quela
18.5%
Qixia
21.1%
Qatif
21.1%
Egypt Qena
20.8%
Qods
19.7%
Quba
21%
Qufu
35.3%

You're not logged in!

Compare scores with friends on all Sporcle quizzes.
OR
Log In

Show Comments

Extras

Top Quizzes Today


Score Distribution

Your Account Isn't Verified!

In order to create a playlist on Sporcle, you need to verify the email address you used during registration. Go to your Sporcle Settings to finish the process.

Report this User

Report this user for behavior that violates our Community Guidelines.

Details: